Online Public Access Catalogue

Geriatric physical therapy / (Record no. 8625)

MARC details
000 -LEADER
fixed length control field 00851cam a22002657a 4500
020 ## - INTERNATIONAL STANDARD BOOK NUMBER
International Standard Book Number 9780323029483 (hardcover)
020 ## - INTERNATIONAL STANDARD BOOK NUMBER
International Standard Book Number 0323029485 (hardcover)
035 ## - SYSTEM CONTROL NUMBER
System control number (OCoLC)ocn700215783
082 00 - DEWEY DECIMAL CLASSIFICATION NUMBER
Classification number 615.820832
Author Mark GEN
100 ## - MAIN ENTRY--PERSONAL NAME
Author Name Guccione, Andrew A.
245 00 - TITLE STATEMENT
Title Geriatric physical therapy /
250 ## - EDITION STATEMENT
Edition statement 3rd ed.
260 ## - PUBLICATION, DISTRIBUTION, ETC.
Place of publication, distribution, etc. St. Louis :
Name of publisher, distributor, etc. Elsevier/Mosby,
Date of publication, distribution, etc. c2012.
300 ## - PHYSICAL DESCRIPTION
No of Pages xii, 611 p. :
illustrations ill. ;
Dimensions 29 cm.
504 ## - BIBLIOGRAPHY, ETC. NOTE
Bibliography, Index, etc. note Includes bibliographical references and index.
650 #0 - SUBJECT ADDED ENTRY--TOPICAL TERM
Subject DPT
Keywords Physical therapy for older people.
650 12 - SUBJECT ADDED ENTRY--TOPICAL TERM
Keywords Physical Therapy Modalities.
650 22 - SUBJECT ADDED ENTRY--TOPICAL TERM
Subject Aged.
Keywords Therapy
906 ## - LOCAL DATA ELEMENT F, LDF (RLIN)
a 7
b cbc
c orignew
d 1
e ecip
f 20
g y-gencatlg
942 ## - ADDED ENTRY ELEMENTS (KOHA)
Source of classification or shelving scheme
Koha item type Books
Holdings
Item status Home library Current library Shelving location Date acquired Total Checkouts Full call number Barcode Date last seen Koha item type
  Islamabad Medical and Dental College Islamabad Medical and Dental College Islamabad Medical and Dental College 16/03/2018   615.820832 GEN 10409 16/03/2018 Books

Copyright @ IMDC Library
Islamabad Medical and Dental College
Bhara Kahu, Islamabad

  Contact the Librarian, IMDC
  Email:: library@imdcollege.edu.pk

  OPAC Customized by
  Mazhar Hussain,
  Librarian:
  Islamabad Medical and Dental College
  Email:: library@imdcollege.edu.pk